MLA Handboo for writers of research papers (Record no. 298470)

000 -LEADER
fixed length control field 00290 a2200109 4500
001 - CONTROL NUMBER
control field 63397
082 ## - DEWEY DECIMAL CLASSIFICATION NUMBER
Classification number 808.02 GIB
090 ## - LOCALLY ASSIGNED LC-TYPE CALL NUMBER (OCLC); LOCAL CALL NUMBER (RLIN)
-- 37450
-- 37450
100 ## - MAIN ENTRY--PERSONAL NAME
Personal name Gibaldi, J
245 ## - TITLE STATEMENT
Title MLA Handboo for writers of research papers
Medium English
260 ## - PUBLICATION, DISTRIBUTION, ETC.
Place of publication, distribution, etc. USA
Name of publisher, distributor, etc. Modern Language associate of america
942 ## - ADDED ENTRY ELEMENTS (KOHA)
Institution code [OBSOLETE] CAE NUST
Call number prefix 808.02 GIB
Holdings
Withdrawn status Lost status Damaged status Not for loan Collection code Permanent Location Current Location Date acquired Total Checkouts Full call number Barcode Date last seen Price effective from Koha item type
          College of Aeronautical Engineering (CAE) College of Aeronautical Engineering (CAE) 04/03/2017   808.02 GIB CAEG-5493 04/05/2017 04/05/2017 Book
© 2023 Central Library, National University of Sciences and Technology. All Rights Reserved.